• 首页
  • 本馆介绍
  • 公告通知
  • 最新文献
  • 馆藏检索
  • 电子资源
  • 读者导购
  • 参考咨询
  • 我的图书馆
  • 登录
  • 详细信息显示
  • 放入我的书架
  • 预约/预借图书
  • 作者相关作品
  • 分类相关作品
  • 丛书相关作品
  • 出版社相关作品

书目信息

  • 表格格式
  • 工作单格式
  • 卡片格式
题名:
梵·高传
    
 
作者: 凡·高 著 ;张汉彬 , 杨立群 编译
分册:  
出版信息: 北京   中华工商联合出版社  2018
页数: 278页
开本: 22cm
丛书名:
单 册:
中图分类: K835.635.72=43 , K835
科图分类:
主题词:
电子资源:
ISBN: 978-7-5158-2321-8
000 01025nam0 2200253 450
001 2274323296
005 20220927204008.08
010    @a978-7-5158-2321-8@b精装@dCNY78.00
100    @a20190226d2018 em y0chiy50 ea
101 1  @achi@cfre
102    @aCN@b110000
105    @ay z 000ed
200 1  @a梵·高传@9fan · gao zhuan@f(法)文森特·威廉·梵·高(Vincent Willem van Gogh)著@g张汉彬,杨立群编译
210    @a北京@c中华工商联合出版社@d2018
215    @a278页@d22cm
330    @a本书为梵·高按照时间顺序写给弟弟提奥的书信,书信中具体反映了梵·高的画作的创作过程、感情波澜、心里变化及所处境遇等内容。全书共分9个部分共43章,比较全面的反映了梵·高艺术创作风格形成的过程,以及人生经历。
600  0 @a凡高@c(Van Gogh, Vincent@f1853-1890)@x书信集
690    @aK835.635.72=43@v5
690    @aK835@v4
701  0 @c(荷)@a凡·高@9fan · gao@c(Van Gogh, Vincent@f1853-1890)@4著
702  0 @a张汉彬@9zhang han bin@4编译
702  0 @a杨立群@9yang li qun@4编译
801  0 @aCN@b91MARC@c20190226
905    @aZUCC@dK835@e37
    
    梵·高传/(法)文森特·威廉·梵·高(Vincent Willem van Gogh)著/张汉彬,杨立群编译.-北京:中华工商联合出版社,2018
    278页;22cm
    
    
    ISBN 978-7-5158-2321-8(精装):CNY78.00
    本书为梵·高按照时间顺序写给弟弟提奥的书信,书信中具体反映了梵·高的画作的创作过程、感情波澜、心里变化及所处境遇等内容。全书共分9个部分共43章,比较全面的反映了梵·高艺术创作风格形成的过程,以及人生经历。
●
相关链接 在五车中查询图书 在当当中查询图书 在豆瓣中查询图书


正题名:梵·高传     索取号:K835/37         预约/预借

序号 登录号 条形码 馆藏地/架位号 状态 备注
1 2000903419   2000903419   第三书库/ [索取号:K835/37] 在馆    
2 2000903420   2000903420   第三书库/ [索取号:K835/37] 在馆    
3 2000903421   2000903421   第三书库/ [索取号:K835/37] 在馆    
山东省滨州职业学院图书馆 欢迎您!
大连网信软件有限公司© 版权所有